SME policy index: Western Balkans and Turkey 2012 progress in the implementation of the small business act for Europe

Enregistré dans:
Détails bibliographiques
Format: Livre
Langue:anglais
Publié: Brussel European Commission 2012
Sujets:
Tags: Ajouter un tag
Pas de tags, Soyez le premier à ajouter un tag!

MARC

LEADER 00000nam a2200000 4500
001 0175415
005 20240315121244.5
020 |a 978-92-64-17885-4 
020 |a 978-92-79-26076-6 
041 0 |a eng 
044 |a FR 
245 1 0 |a SME policy index: Western Balkans and Turkey 2012  |b progress in the implementation of the small business act for Europe 
264 1 |a Brussel  |b European Commission  |c 2012 
300 |a 291 s. 
610 2 0 |a podnikanie malé 
610 2 0 |a podnikanie stredné 
610 2 0 |a podnik malý 
610 2 0 |a podnik stredný 
610 2 0 |a prostredie podnikateľské 
610 2 0 |a porovnanie štatistické 
610 2 0 |a Balkán 
610 2 0 |a Turecko